[Event "New Zealand Major Open 2016"]
[Site "Devonport, Auckland NZL"]
[Date "2016.01.04"]
[Round "3.26"]
[White "Braganza, Nadia"]
[Black "Oka, Tsukasa"]
[Result "1-0"]
[WhiteElo "1129"]
[BlackElo "599"]
[PlyCount "91"]
[EventDate "2016.01.02"]

1. e4 e5 2. Nf3 Nc6 3. d4 exd4 4. Nxd4 Nxd4 5. Qxd4 Qf6 6. Be3 c5 7. Qxf6 Nxf6
8. Nc3 b6 9. O-O-O Be7 10. Bb5 O-O 11. e5 Ng4 12. Bxd7 Bg5 13. Bxg4 Bxe3+ 14.
fxe3 Bxg4 15. Rd6 Rfe8 16. h3 Bc8 17. Rhd1 Bb7 18. g3 h6 19. Nb5 Rxe5 20. Rd8+
Rxd8 21. Rxd8+ Kh7 22. Kd2 Rd5+ 23. Rxd5 Bxd5 24. Nxa7 g5 25. Nc8 b5 26. b3 c4
27. bxc4 Bxc4 28. a3 Bf1 29. h4 Kg6 30. Nd6 gxh4 31. gxh4 f6 32. c4 bxc4 33. a4
Kh5 34. a5 c3+ 35. Kxc3 Kxh4 36. Nc4 Kg3 37. a6 h5 38. a7 Bg2 39. Nd6 h4 40. e4
h3 41. a8=Q h2 42. Nf5+ Kf2 43. Qa7+ Kf1 44. Ng3+ Ke1 45. Qe3+ Kd1 46. Qd2# 1-0